000
00194 a2200097 4500
001
6846
100
_a
Bergergren, E
245
_a
Alfred Nobel
260
_a
_b
T. Nelson
_c
090
_c
5659
_d
5659
942
_a
NUST-CAE
_c
M
_c
32110
999
_c
241919
_d
241919